| Record ID | ia:moderneloquence11reediala |
| Source | Internet Archive |
| Download MARC XML | https://archive.org/download/moderneloquence11reediala/moderneloquence11reediala_marc.xml |
| Download MARC binary | https://www.archive.org/download/moderneloquence11reediala/moderneloquence11reediala_meta.mrc |
LEADER: 01037nam 2200253I 4500
001 257539
005 20030721095515.0
008 720620 19011903paucf,f 001 0 eng
010 $a 01015213
035 $907-AQM-0266
040 $aDLC WSU m.c. SER CU-I
050 0 $aPN6121$b.M6
245 00 $aModern eloquence;$ceditor, Thomas B. Reed; Justin McCarthy, Rossiter Johnson, Albert Ellery Bergh, associate editors ...
260 $aPhiladelphia :$bJ.D. Morris and Company,$c[c1901-03]
300 $a15 v.$bfronts. (part col.) plates (part col.) ports.$c25 cm.
500 $aOn cover: Edition de luxe.
505 0 $aI-III. After-dinner speeches.--IV-VI. Lectures.--VII-IX. Occasional addresses.--X. Anecdotes. Indices.--XI-XV. Political oratory.
650 0 $aSpeeches, addresses, etc.
700 1 $aReed, Thomas B.$q(Thomas Brackett),$d1839-1902.
700 1 $aJohnson, Rossiter,$d1840-1931.
700 1 $aMcCarthy, Justin,$d1830-1912.
700 1 $aBergh, Albert Ellery,$db. 1861.
935 $aSR0110238$bSR0468547
910 $aMARS